Fra Angelico : (Record no. 20649)

000 -LEADER
fixed length control field 01577cam a2200385 a 4500
001 - CONTROL NUMBER
control field 4001069
005 - DATE AND TIME OF LATEST TRANSACTION
control field 20170120112619.0
008 - FIXED-LENGTH DATA ELEMENTS--GENERAL INFORMATION
fixed length control field 970106s1996 nyua b 001 0 eng
010 ## - LIBRARY OF CONGRESS CONTROL NUMBER
LC control number 96060330
020 ## - INTERNATIONAL STANDARD BOOK NUMBER
International Standard Book Number 0500237298
040 ## - CATALOGING SOURCE
Original cataloging agency DLC
Transcribing agency DLC
Modifying agency DLC
041 0# - LANGUAGE CODE
Language code of text/sound track or separate title eng
Language code of original ita
043 ## - GEOGRAPHIC AREA CODE
Geographic area code e-it---
050 00 - LIBRARY OF CONGRESS CALL NUMBER
Classification number ND623
Item number .F5M613 1996
100 1# - MAIN ENTRY--PERSONAL NAME
Personal name Morachiello, Paolo,
Dates associated with a name 1941-
240 10 - UNIFORM TITLE
Uniform title <a href="Beato Angelico.">Beato Angelico.</a>
Language of a work English
245 10 - TITLE STATEMENT
Title Fra Angelico :
Remainder of title the San Marco frescoes /
Statement of responsibility, etc. Paolo Morachiello ; [translated from the Italian ... by Eleanor Daunt].
246 30 - VARYING FORM OF TITLE
Title proper/short title San Marco frescoes
260 ## - PUBLICATION, DISTRIBUTION, ETC. (IMPRINT)
Place of publication, distribution, etc. New York :
Name of publisher, distributor, etc. Thames and Hudson,
Date of publication, distribution, etc. c1996.
300 ## - PHYSICAL DESCRIPTION
Extent 344 p. :
Other physical details ill. (chiefly col.) ;
Dimensions 29 cm.
504 ## - BIBLIOGRAPHY, ETC. NOTE
Bibliography, etc Includes bibliographical references and index.
600 00 - SUBJECT ADDED ENTRY--PERSONAL NAME
Personal name Angelico,
Titles and other words associated with a name fra,
Dates associated with a name approximately 1400-1455
General subdivision Criticism and interpretation.
600 00 - SUBJECT ADDED ENTRY--PERSONAL NAME
Personal name Jesus Christ
General subdivision Art.
610 20 - SUBJECT ADDED ENTRY--CORPORATE NAME
Corporate name or jurisdiction name as entry element Museo di San Marco.
650 #0 - SUBJECT ADDED ENTRY--TOPICAL TERM
Topical term or geographic name as entry element Mural painting and decoration, Italian
General subdivision Conservation and restoration
Geographic subdivision Italy
-- Florence.
650 #0 - SUBJECT ADDED ENTRY--TOPICAL TERM
Topical term or geographic name as entry element Mural painting and decoration, Renaissance
General subdivision Conservation and restoration
Geographic subdivision Italy
-- Florence.
700 1# - ADDED ENTRY--PERSONAL NAME
Personal name Angelico,
Titles and other words associated with a name fra,
Dates associated with a name approximately 1400-1455.
710 2# - ADDED ENTRY--CORPORATE NAME
Corporate name or jurisdiction name as entry element Museo di San Marco.
942 ## - ADDED ENTRY ELEMENTS (KOHA)
Source of classification or shelving scheme
Koha item type Hard Covered Materials
Classification part ND623 .F5M613 1996
Holdings
Withdrawn status Lost status Source of classification or shelving scheme Damaged status Not for loan Home library Current library Shelving location Date acquired Source of acquisition Total Checkouts Full call number Barcode Date last seen Price effective from Koha item type
          MACHAKOS UNIVERSITY LIBRARY MACHAKOS UNIVERSITY LIBRARY Open shelf 20/01/2017 Donation(BFA)   ND623 .F5M613 1996 30897 20/01/2017 20/01/2017 Hard Covered Materials
© Machakos University Library, Along The Highway, Machakos Wote Rd, Machakos, Kenya P.O. Box 136 - 90100 Machakos - Kenya

Tel: ( +254 ) 723 805829 OR Fax : 044-20353 OR Email: library@mksu.ac.ke